Lausanne - Culture générale - Statistiques

Statistiques générales
  • Ce quiz a été pris 662 fois
  • Le résultat moyen est 9 sur 15
Statistiques - réponses
Information Réponse % Correct
Lac qui borde la ville Léman
99%
Canton dont elle est chef-lieu Vaud
87%
Haute école technique réputée École {polytechnique} fédérale Lausanne
74%
Train luxueux qui reliait Londres à Lausanne puis Constantinople Orient Express
72%
Organisation qui gère et organise les Jeux olympiques CIO
70%
Tennisman encore actif au 3 titres du Grand-Chelem Stan Wawrinka
69%
Moyen de transport automatisé unique en Suisse et réputé un des plus pentu Métro
66%
Quartier du bord du lac où se mêlent un port et des hôtels de luxe Ouchy
54%
Rivière qui a donné son nom à un quartier aujourd'hui très dynamique Flon
50%
Vignobles en terrasse, patrimoine UNESCO à l'est de la ville Lavaux
50%
Place où se trouvent les banques, coûte aussi cher au Monopoly Saint-{François}
46%
Rénovateur de ceux-ci qui décida d'installer ses quartiers à Lausanne Pierre de Coubertin
42%
Danseur et chorégraphe franco-suisse, il y fonde une compagnie de ballet réputée mondialement Maurice Béjart
38%
Nation qui existe dans sa forme moderne depuis le traité de Lausanne en 1923 Turquie
31%
Écrivain et poète régionaliste, auteur de Aline (1905), Derborance (1934) ou Si le soleil ne revenait pas (1937) Charles-Ferdinand Ramuz
23%
Aucun quiz correspondant
Distribution des résultats
% des personnes avec chaque résultat
Percentile par nombre de réponses
Votre historique - résultats
Vous n’avez pas pris ce quiz